| 000 | 00727nam a22002177a 4500 | ||
|---|---|---|---|
| 999 |
_c633 _d633 |
||
| 003 | AR-CdUCM | ||
| 008 | 190220b ||||| |||| 00| 0 spa d | ||
| 040 |
_aMUNICIPALIDAD PROVINCIAL DEL CUSCO _cBIBLIOTECA MUNICIPAL DEL CUSCO |
||
| 082 |
_a956.940 / _bR74 |
||
| 100 |
_aRodinson, Maxime _92461 |
||
| 245 |
_aLa revolución palestina y el conflicto árabe-israeli / _cMaxime Rodinson |
||
| 260 |
_aBuenos Aires : _bPasado y presente, _c1970. |
||
| 300 |
_a136 páginas. ; _c18 cm. |
||
| 440 |
_aCuadernos de pasado y presente. _n14 _92462 |
||
| 500 | _zBibliografía: p. 127 - 136. | ||
| 650 |
_aIsraeli _92463 |
||
| 650 |
_aHistoria _9136 |
||
| 650 |
_aGuerra Arabe Israeli, 1948. _92464 |
||
| 942 |
_2ddc _cLIBROS |
||
| 945 | _arac | ||